[Event "RUS-Cup 300 years"]
[Site "St Petersburg"]
[Date "2003.10.18"]
[Round "1"]
[White "Loukachouk, Aleksandr"]
[Black "Gareyev, Timur"]
[Result "0-1"]
[WhiteElo "2256"]
[BlackElo "2434"]
[PlyCount "60"]
[EventDate "2003.10.18"]
[EventType "swiss"]
[EventRounds "9"]
[EventCountry "RUS"]
[SourceTitle "EXT 2004"]
[Source "ChessBase"]
[SourceDate "2003.11.25"]
[SourceVersion "1"]
[SourceVersionDate "2003.11.25"]
[SourceQuality "1"]

1. e4 e5 2. Nf3 Nc6 3. Bb5 a6 4. Ba4 Nf6 5. 0-0 Be7 6. h3 Nxe4 7. Re1 Nf6 8. Nxe5 Nxe5 9. Rxe5 0-0 10. d4 d5 11. Bg5 h6 12. Bh4 g5 13. Bg3 Ne4 14. Bb3 Bd6 15. Rxd5 Nxg3 16. fxg3 c6 17. Rxd6 Qxd6 18. Kh2 Be6 19. Bxe6 Qxe6 20. Nd2 Rae8 21. Nf3 Qe2 22. Qc1 Qf2 23. Ne5 Qxd4 24. Ng4 Re6 25. c3 Qd3 26. Qg1 f5 27. Nf2 Qe3 28. Rd1 f4 29. g4 Qg3+ 30. Kh1 f3 0-1

[Event "RUS-ch sf"]
[Site "Tula"]
[Date "2003.??.??"]
[Round "1"]
[White "Hasangatin, Ramil"]
[Black "Loukachouk, Aleksandr"]
[Result "1/2-1/2"]
[WhiteElo "2523"]
[BlackElo "2298"]
[PlyCount "79"]
[EventDate "2003.03.??"]
[EventType "swiss"]
[EventRounds "9"]
[EventCountry "RUS"]
[SourceTitle "EXT 2004"]
[Source "ChessBase"]
[SourceDate "2003.11.25"]
[SourceVersion "1"]
[SourceVersionDate "2003.11.25"]
[SourceQuality "1"]

1. e4 c5 2. Nf3 d6 3. d4 cxd4 4. Qxd4 Nc6 5. Bb5 Bd7 6. Bxc6 Bxc6 7. Nc3 Nf6 8. Bg5 e6 9. 0-0-0 Be7 10. Rhe1 Qa5 11. Nd5 Bxd5 12. exd5 Qxa2 13. dxe6 fxe6 14. Rd3 e5 15. Nxe5 dxe5 16. Rxe5 0-0 17. Rxe7 Qa1+ 18. Kd2 Qa5+ 19. Ke2 Qxg5 20. Rxg7+ Qxg7 21. Rg3 Qxg3 22. hxg3 Rae8+ 23. Kf1 Re4 24. Qxa7 Rfe8 25. Qa5 Re2 26. Qc3 R8e5 27. f3 Nd5 28. Qd4 Kf8 29. g4 Ke7 30. Qd3 Rxc2 31. Qxh7+ Kd6 32. Qxb7 Ne3+ 33. Kg1 Rxg2+ 34. Kh1 Re7 35. Qb4+ Ke6 36. Qe4+ Kf6 37. Qf4+ Kg6 38. Qd6+ Kf7 39. Qf4+ Kg6 40. Qd6+ 1/2-1/2

[Event "Chigorin Memorial-B 10th"]
[Site "St Petersburg"]
[Date "2002.11.03"]
[Round "9"]
[White "Loukachouk, Aleksandr"]
[Black "Zhunusov, Murat"]
[Result "1-0"]
[WhiteElo "2326"]
[BlackElo "2246"]
[PlyCount "57"]
[EventDate "2002.10.25"]
[EventType "swiss"]
[EventRounds "9"]
[EventCountry "RUS"]
[SourceTitle "EXT 2003"]
[Source "ChessBase"]
[SourceDate "2002.11.25"]
[SourceVersion "1"]
[SourceVersionDate "2002.11.25"]
[SourceQuality "1"]

1. e4 c5 2. Nf3 d6 3. d4 cxd4 4. Nxd4 Nf6 5. Nc3 a6 6. Bg5 e6 7. f4 Nc6 8. Nxc6 bxc6 9. e5 h6 10. Bxf6 gxf6 11. exd6 Bxd6 12. Qf3 Qc7 13. g3 Rb8 14. 0-0-0 f5 15. Bc4 Rb4 16. Qd3 Ke7 17. a3 Rb8 18. Rhe1 Bc5 19. Na4 Bd6 20. Qxf5 Rd8 21. Qh5 Bxf4+ 22. gxf4 Qxf4+ 23. Kb1 Rxd1+ 24. Rxd1 Qxc4 25. Qxh6 Rb5 26. Nb6 Rxb6 27. Qg5+ f6 28. Qg7+ Ke8 29. Qc7 1-0

[Event "Chigorin Memorial-B 10th"]
[Site "St Petersburg"]
[Date "2002.11.01"]
[Round "7"]
[White "Loukachouk, Aleksandr"]
[Black "Novikova, Anna"]
[Result "0-1"]
[WhiteElo "2326"]
[BlackElo "2206"]
[PlyCount "72"]
[EventDate "2002.10.25"]
[EventType "swiss"]
[EventRounds "9"]
[EventCountry "RUS"]
[SourceTitle "EXT 2003"]
[Source "ChessBase"]
[SourceDate "2002.11.25"]
[SourceVersion "1"]
[SourceVersionDate "2002.11.25"]
[SourceQuality "1"]

1. e4 e6 2. d4 d5 3. Nc3 Bb4 4. e5 c5 5. a3 Bxc3+ 6. bxc3 Ne7 7. Qg4 Qc7 8. Qxg7 Rg8 9. Qxh7 cxd4 10. Ne2 Nbc6 11. f4 Bd7 12. Qd3 dxc3 13. Kd1 0-0-0 14. Nxc3 Na5 15. h4 Kb8 16. Rb1 Nf5 17. Rh3 Rc8 18. h5 d4 19. Ne4 Ba4 20. Rb2 Nc4 21. Qxc4 Qxc4 22. Bxc4 Rxc4 23. h6 d3 24. h7 dxc2+ 25. Kd2 Rd4+ 26. Ke2 Rh8 27. Ng5 Rd1 28. Bd2 Rd8 29. Rxc2 Bxc2 30. Bc3 Rh8 31. g4 Nd4+ 32. Bxd4 Rxd4 33. f5 exf5 34. Nxf7 fxg4 35. Nxh8 gxh3 36. Ng6 Rd8 0-1